[Event "10e Open de Saint-Chély d'Aubrac"]
[Site "Saint-Chély d'Aubrac"]
[Date "2010.07.10"]
[Round "1.1"]
[White "Herrero, Alain"]
[Black "Degraeve, Jean-Marc"]
[Result "0-1"]
[WhiteElo "1762"]
[BlackElo "2569"]
[PlyCount "82"]

1. d4 Nf6 2. c4 g6 3. Nc3 Bg7 4. e4 O-O 5. Nf3 d6 6. Be2 Bg4 7. O-O Nfd7 8. Be3
c5 9. Rc1 Nc6 10. d5 Bxf3 11. dxc6 Bxe2 12. Qxe2 bxc6 13. Rfd1 Qc7 14. f4 a5
15. b3 Nb6 16. Qf2 Rfb8 17. e5 a4 18. Ne4 axb3 19. axb3 Nc8 20. Rb1 Ra3 21. Rd3
Rba8 22. g4 Ra2 23. Rd2 Rxd2 24. Qxd2 dxe5 25. Nxc5 Nd6 26. Rf1 exf4 27. Bxf4
Qa7 28. Be3 Qa2 29. Rd1 Qxd2 30. Rxd2 Ra1+ 31. Kg2 f5 32. h3 Rb1 33. Rd3 Kf7
34. Bd4 Bxd4 35. Rxd4 Rb2+ 36. Kf3 Ne4 37. Nxe4 Rxb3+ 38. Kf4 fxe4 39. Kxe4
Rxh3 40. Rd7 Rh4 41. Kf4 h5 0-1

[Event "10e Open de Saint-Chély d'Aubrac"]
[Site "Saint-Chély d'Aubrac"]
[Date "2010.07.10"]
[Round "1.2"]
[White "Apicella, Manuel"]
[Black "Devoille, Hugo"]
[Result "1-0"]
[WhiteElo "2529"]
[BlackElo "1746"]
[PlyCount "93"]

1. e4 c5 2. Nf3 e6 3. d4 cxd4 4. Nxd4 Nc6 5. Nc3 Qc7 6. Be2 Nf6 7. O-O a6 8.
Be3 Bb4 9. Na4 Be7 10. Nxc6 bxc6 11. Nb6 Rb8 12. Nxc8 Qxc8 13. Bd4 c5 14. Be5
Rb6 15. Qd3 d6 16. Bc3 O-O 17. b3 d5 18. exd5 Nxd5 19. Be5 Bf6 20. Bxf6 Nxf6
21. Rad1 h6 22. Bf3 Rb8 23. Qc4 Rb4 24. Qc3 Rb8 25. Rd6 Rd8 26. Rc6 Qd7 27.
Rxc5 Rbc8 28. Rc4 Rxc4 29. Qxc4 Rc8 30. Qe2 Qc7 31. c4 a5 32. Rd1 a4 33. Qd3
axb3 34. axb3 Rb8 35. Rd2 Qe5 36. Rd1 Qb2 37. Rb1 Qe5 38. g3 Qc5 39. Kg2 Ne8
40. Qe3 Qxe3 41. fxe3 Nd6 42. c5 Nb7 43. Bxb7 Rxb7 44. b4 Rc7 45. Rc1 Kf8 46.
b5 Ke7 47. b6 1-0

[Event "10e Open de Saint-Chély d'Aubrac"]
[Site "Saint-Chély d'Aubrac"]
[Date "2010.07.10"]
[Round "1.3"]
[White "Balducchi, Francois"]
[Black "Riff, Jean-Noel"]
[Result "0-1"]
[WhiteElo "1721"]
[BlackElo "2500"]
[PlyCount "72"]

1. e4 c5 2. Nf3 d6 3. Bb5+ Nc6 4. O-O Bd7 5. Re1 Nf6 6. c3 a6 7. Bf1 Bg4 8. h3
Bxf3 9. Qxf3 g6 10. Rd1 Bh6 11. Na3 Rc8 12. d3 Bxc1 13. Raxc1 O-O 14. Nc2 Qb6
15. Rb1 Kg7 16. d4 cxd4 17. Nxd4 Qa5 18. Nxc6 Rxc6 19. a3 Rfc8 20. Re1 Nd7 21.
Rbd1 Qb6 22. Rd2 Nc5 23. b4 Nd7 24. Re3 Qc7 25. Rc2 b5 26. Qd1 Nb6 27. f4 Na4
28. c4 bxc4 29. f5 Qb6 30. f6+ exf6 31. Qf3 Qd4 32. Rf2 c3 33. Rd3 Qe5 34. Rd5
Qe6 35. Rc2 Nb6 36. Bxa6 Nxd5 0-1

[Event "10e Open de Saint-Chély d'Aubrac"]
[Site "Saint-Chély d'Aubrac"]
[Date "2010.07.10"]
[Round "1.4"]
[White "Sanduleac, Vasile"]
[Black "Marie, Olivier"]
[Result "1-0"]
[WhiteElo "2451"]
[BlackElo "1710"]
[PlyCount "59"]

1. e4 e5 2. Nf3 Nf6 3. Nxe5 d6 4. Nf3 Nxe4 5. Nc3 Nf6 6. d4 d5 7. Ne5 Be7 8.
Bd3 c5 9. dxc5 Bxc5 10. Bb5+ Kf8 11. O-O Be6 12. Ne2 Qb6 13. Ba4 Nc6 14. Nd3
Be7 15. c3 Rd8 16. Be3 Qc7 17. Nd4 Nxd4 18. Bxd4 g6 19. Qf3 Bg4 20. Qg3 Qxg3
21. fxg3 Bf5 22. Ne5 Rg8 23. Bb3 a6 24. Rae1 Be6 25. h3 h5 26. Re3 Ne8 27. Nd3
Ng7 28. Nf4 Nf5 29. Nxe6+ fxe6 30. g4 1-0

[Event "10e Open de Saint-Chély d'Aubrac"]
[Site "Saint-Chély d'Aubrac"]
[Date "2010.07.10"]
[Round "1.5"]
[White "Hug, Timothee"]
[Black "Mullon, Jean-Baptiste"]
[Result "0-1"]
[WhiteElo "1691"]
[BlackElo "2442"]
[PlyCount "90"]

1. e4 c5 2. Nf3 e6 3. d4 cxd4 4. Nxd4 a6 5. Be3 Nf6 6. Nc3 Qc7 7. a3 b5 8. Bd3
Bb7 9. f3 Nc6 10. Nxc6 Bxc6 11. Qd2 Be7 12. O-O O-O 13. Qf2 d6 14. Qg3 Rfe8 15.
f4 g6 16. f5 Nh5 17. Qg4 Bf6 18. fxg6 fxg6 19. Rf3 Qg7 20. Bd2 Bd7 21. Rff1 Rf8
22. Qe2 Be5 23. Rxf8+ Rxf8 24. Rf1 Nf4 25. Bxf4 Rxf4 26. Rxf4 Bxf4 27. Nd1 Qe5
28. g3 Bg5 29. Qf2 Kg7 30. Kg2 Qc5 31. b4 Qc6 32. Qe2 Bc1 33. a4 bxa4 34. Bxa6
d5 35. b5 Qc5 36. c4 dxc4 37. Qc2 Bg5 38. Qxa4 c3 39. Qc2 Bf6 40. b6 Qxb6 41.
Bd3 Qd4 42. Nf2 Bd8 43. Nd1 Ba5 44. Kf3 Ba4 45. Qb1 Bb6 0-1

[Event "10e Open de Saint-Chély d'Aubrac"]
[Site "Saint-Chély d'Aubrac"]
[Date "2010.07.10"]
[Round "1.6"]
[White "Massoni, Michael"]
[Black "Grange, Romain"]
[Result "1-0"]
[WhiteElo "2308"]
[BlackElo "1690"]
[PlyCount "61"]

1. e4 Nf6 2. e5 Nd5 3. d4 d6 4. c4 Nb6 5. exd6 exd6 6. Nc3 Be7 7. Bd3 Nc6 8.
Nge2 Bf6 9. Be3 O-O 10. h3 Re8 11. O-O Bd7 12. a3 a6 13. Rc1 Ne7 14. Ng3 Ng6
15. Qb3 Bc6 16. d5 Bd7 17. Nce4 Ba4 18. Qa2 Bh4 19. Nf5 Ne5 20. Bb1 Nexc4 21.
Rxc4 Nxc4 22. Qxc4 Bb5 23. Qd4 Re5 24. Nxh4 Qxh4 25. Rc1 f5 26. Ng5 Qxd4 27.
Bxd4 Re2 28. Rxc7 Re1+ 29. Kh2 Rxb1 30. Rxg7+ Kf8 31. Nxh7+ 1-0

[Event "10e Open de Saint-Chély d'Aubrac"]
[Site "Saint-Chély d'Aubrac"]
[Date "2010.07.10"]
[Round "1.7"]
[White "Tassetti, Florent"]
[Black "Saucey, Michel"]
[Result "0-1"]
[WhiteElo "1676"]
[BlackElo "2306"]
[PlyCount "38"]

1. e4 c5 2. Nf3 Nc6 3. d4 cxd4 4. Nxd4 g6 5. Nc3 Bg7 6. Be3 Nf6 7. f3 O-O 8.
Qd2 d5 9. Nxc6 bxc6 10. e5 Ne8 11. f4 f6 12. exf6 Nxf6 13. Be2 Ng4 14. Bxg4
Bxg4 15. h3 Bf5 16. O-O-O Rb8 17. g4 Be4 18. Rhg1 Qa5 19. Rde1 Rxb2 0-1

[Event "10e Open de Saint-Chély d'Aubrac"]
[Site "Saint-Chély d'Aubrac"]
[Date "2010.07.10"]
[Round "1.8"]
[White "Moingt, Jean-Claude"]
[Black "Franceschini, Francois-Marie"]
[Result "1-0"]
[WhiteElo "2290"]
[BlackElo "1670"]
[PlyCount "39"]

1. e4 c5 2. Nf3 d6 3. d4 cxd4 4. Nxd4 Nf6 5. Nc3 Nc6 6. Bc4 g6 7. Nxc6 bxc6 8.
e5 Ng4 9. Bf4 d5 10. Be2 Qd7 11. h3 Qf5 12. Qd4 Bh6 13. Bg3 Nxf2 14. Bxf2 Qxc2
15. O-O Bd2 16. Nxd5 cxd5 17. Bb5+ Kf8 18. Qxd5 Rb8 19. Bxa7 Bb7 20. Qxf7# 1-0

[Event "10e Open de Saint-Chély d'Aubrac"]
[Site "Saint-Chély d'Aubrac"]
[Date "2010.07.10"]
[Round "1.9"]
[White "Neff, Thomas"]
[Black "Nass, Emile"]
[Result "0-1"]
[WhiteElo "1660"]
[BlackElo "2248"]
[PlyCount "62"]

1. e4 e6 2. d4 d5 3. Nd2 Be7 4. e5 c5 5. c3 Nc6 6. Ne2 f6 7. f4 Nh6 8. Nf3 O-O
9. Be3 Nf5 10. Bf2 fxe5 11. fxe5 Qb6 12. Qb3 Na5 13. Qxb6 axb6 14. Ng3 Nxg3 15.
Bxg3 Nb3 16. Rb1 Rxa2 17. Nd2 Nxd2 18. Kxd2 c4 19. Be2 Bd7 20. Ke3 Bg5+ 21. Bf4
Bxf4+ 22. Kf2 Bxe5+ 23. Bf3 Bd6 24. Rhe1 b5 25. h3 b4 26. Re2 b5 27. Rbe1 bxc3
28. bxc3 Rfa8 29. Bg4 b4 30. Kf3 Rxe2 31. Rxe2 Rf8+ 0-1

[Event "10e Open de Saint-Chély d'Aubrac"]
[Site "Saint-Chély d'Aubrac"]
[Date "2010.07.10"]
[Round "1.10"]
[White "Villegas, Pierre"]
[Black "Joyeux, Gerard"]
[Result "1-0"]
[WhiteElo "2244"]
[BlackElo "1657"]
[PlyCount "47"]

1. d4 d5 2. c4 e5 3. dxe5 d4 4. Nf3 Nc6 5. a3 Nge7 6. b4 Ng6 7. Bb2 Ngxe5 8.
Nxe5 Nxe5 9. e3 Be6 10. Bxd4 Nxc4 11. Qc2 Nb6 12. Bd3 Rc8 13. O-O Nd5 14. Rd1
a6 15. Nd2 Nf4 16. Bf1 Nh5 17. Ne4 Qe7 18. Be2 Nf6 19. Nxf6+ gxf6 20. Bc5 Bb3
21. Qxb3 Qe4 22. Bf3 Qe5 23. Bxb7 Rb8 24. Bc6# 1-0

[Event "10e Open de Saint-Chély d'Aubrac"]
[Site "Saint-Chély d'Aubrac"]
[Date "2010.07.10"]
[Round "1.11"]
[White "Ferrer, Lauriane"]
[Black "Muller, Anne"]
[Result "1/2-1/2"]
[WhiteElo "1650"]
[BlackElo "2184"]
[PlyCount "91"]

1. e4 c5 2. Nf3 d6 3. d4 cxd4 4. Nxd4 Nf6 5. Nc3 e6 6. Be3 Be7 7. Be2 Nc6 8.
Qd2 O-O 9. O-O-O d5 10. exd5 exd5 11. f3 Be6 12. g4 Re8 13. h4 Bb4 14. Bb5 Rc8
15. h5 Nd7 16. Nf5 Bxf5 17. gxf5 Qf6 18. h6 Nb6 19. Bxb6 axb6 20. hxg7 Bxc3 21.
bxc3 Red8 22. Qh2 Kxg7 23. Rdg1+ Kf8 24. Qxh7 Ke7 25. Re1+ Kd7 26. Rh6 Qg5+ 27.
f4 Qxf4+ 28. Kb2 Rf8 29. Rf6 Kc7 30. Bxc6 bxc6 31. Re7+ Kb8 32. Rfxf7 Rxf7 33.
Qxf7 Rc7 34. f6 Qf1 35. a4 Rxe7 36. Qxe7 d4 37. cxd4 Qc4 38. c3 Qd3 39. Qd6+
Kb7 40. Qd7+ Ka6 41. Qxc6 Qd2+ 42. Kb3 Qd1+ 43. Kc4 Qf1+ 44. Kb3 Qd1+ 45. Kc4
Qf1+ 46. Kb3 1/2-1/2

[Event "10e Open de Saint-Chély d'Aubrac"]
[Site "Saint-Chély d'Aubrac"]
[Date "2010.07.10"]
[Round "1.12"]
[White "Van Hoolandt, Patrick"]
[Black "Guerry, Emilien"]
[Result "1-0"]
[WhiteElo "2171"]
[BlackElo "1650"]
[PlyCount "59"]

1. d4 d5 2. c4 e6 3. Nf3 Nf6 4. Nc3 Nbd7 5. Bg5 Be7 6. Qc2 h6 7. Bh4 O-O 8.
cxd5 exd5 9. e3 c5 10. Rd1 b6 11. Bd3 Bb7 12. O-O Rc8 13. Bf5 Ra8 14. h3 Re8
15. Bg3 Nf8 16. Nb5 Ba6 17. Bc7 Bxb5 18. Bxd8 Bxf1 19. Bxe7 Rxe7 20. Kxf1 Rc7
21. Ne5 Re8 22. Qa4 Ree7 23. h4 h5 24. g3 g6 25. Bh3 Ne6 26. Bg2 Kg7 27. e4
cxd4 28. exd5 Nc5 29. Qxd4 Rcd7 30. Nxd7 1-0

[Event "10e Open de Saint-Chély d'Aubrac"]
[Site "Saint-Chély d'Aubrac"]
[Date "2010.07.10"]
[Round "1.13"]
[White "Manser, Lucas"]
[Black "Muheim, Sebastien"]
[Result "1/2-1/2"]
[WhiteElo "1642"]
[BlackElo "2112"]
[PlyCount "159"]

1. e4 c5 2. Nf3 d6 3. d4 Nf6 4. Nc3 cxd4 5. Nxd4 a6 6. Be2 Nbd7 7. O-O e6 8. f4
b5 9. a3 Bb7 10. Bf3 Rc8 11. Re1 Qc7 12. Be3 Be7 13. Rc1 O-O 14. Bf2 Nb6 15. e5
Nfd5 16. Nxd5 Nxd5 17. exd6 Bxd6 18. g3 Rfd8 19. c3 Bc5 20. Qe2 h6 21. Red1 Rd7
22. Rd2 Rcd8 23. Rdc2 Nb6 24. Bxb7 Qxb7 25. h3 Nc4 26. Kh2 Ba7 27. Kg1 Qc7 28.
Re1 Nxb2 29. Rxb2 Qxc3 30. Rc2 Qxa3 31. Nc6 Qxg3+ 32. Kf1 Qxh3+ 33. Kg1 Rd3 34.
Nxa7 R8d5 35. Qe4 g6 36. Qg2 Qf5 37. Rce2 Qxf4 38. Re4 Qd2 39. Rg4 Kh7 40. Nc6
h5 41. Rg3 Rxg3 42. Bxg3 Qc3 43. Ne5 f6 44. Nf3 Rd3 45. Rf1 e5 46. Be1 Qc5+ 47.
Kh1 e4 48. Nh4 Qg5 49. Qxg5 fxg5 50. Ng2 Rf3 51. Rxf3 exf3 52. Ne3 g4 53. Kh2
g5 54. Kg3 Kg6 55. Kh2 Kf6 56. Bc3+ Ke6 57. Kg3 Kd6 58. Bf6 Kc5 59. Bxg5 Kd4
60. Nf5+ Kd3 61. Kf2 b4 62. Ng7 h4 63. Bxh4 b3 64. Bf6 a5 65. Ne6 Kc4 66. Nf4
a4 67. Bb2 Kc5 68. Kg3 Kd6 69. Nd3 (69. Ba3+ Ke5 70. Nd3+ Kd4 71. Nb2 $18)
69... Kd5 70. Kxg4 Ke4 71. Nf2+ Ke3 72. Kg3 Kd2 73. Kxf3 Kc2 74. Ba3 b2 75.
Bxb2 Kxb2 76. Nd3+ Kc3 77. Nc1 a3 78. Ke2 Kc2 79. Na2 Kb2 80. Kd2 1/2-1/2

[Event "10e Open de Saint-Chély d'Aubrac"]
[Site "Saint-Chély d'Aubrac"]
[Date "2010.07.10"]
[Round "1.14"]
[White "Richard, Emma"]
[Black "Moulie, Patrick"]
[Result "1-0"]
[WhiteElo "2100"]
[BlackElo "1639"]
[PlyCount "43"]

1. e4 e6 2. d4 a6 3. Nf3 c5 4. g3 cxd4 5. Nxd4 b5 6. Bg2 Bb7 7. O-O Bc5 8. Be3
Qb6 9. b4 Bf8 10. Nb3 Qc7 11. Nc5 Bc6 12. Nd2 Nf6 13. a4 d6 14. Ncb3 bxa4 15.
Nd4 Bd7 16. c4 e5 17. Ne2 Be6 18. Qxa4+ Nbd7 19. f4 exf4 20. Nxf4 Be7 21. Nxe6
fxe6 22. e5 1-0

[Event "10e Open de Saint-Chély d'Aubrac"]
[Site "Saint-Chély d'Aubrac"]
[Date "2010.07.10"]
[Round "1.15"]
[White "Levy, Nicolas"]
[Black "Lagunes, Jean-Renaud"]
[Result "0-1"]
[WhiteElo "1610"]
[BlackElo "2074"]
[PlyCount "40"]

1. e4 d6 2. d4 Nf6 3. Nc3 g6 4. Be3 c6 5. Bc4 b5 6. Bb3 b4 7. Na4 Nxe4 8. d5 c5
9. Qd3 Nf6 10. Ne2 Bg7 11. O-O O-O 12. c3 bxc3 13. Nexc3 Ba6 14. Bc4 Qa5 15.
Bxa6 Nxa6 16. a3 Nc7 17. Rab1 Ncxd5 18. Nxd5 Nxd5 19. Nxc5 Nxe3 20. b4 Qd8 0-1

[Event "10e Open de Saint-Chély d'Aubrac"]
[Site "Saint-Chély d'Aubrac"]
[Date "2010.07.10"]
[Round "1.16"]
[White "Husson, Cybele"]
[Black "Kirchhoff, Matthieu"]
[Result "1-0"]
[WhiteElo "2040"]
[BlackElo "1581"]
[PlyCount "65"]

1. e4 c5 2. Nf3 Nc6 3. Bb5 e6 4. O-O a6 5. Bxc6 bxc6 6. b3 d5 7. d3 d4 8. a4
Bd6 9. Na3 Ne7 10. Nc4 a5 11. Bd2 Bc7 12. e5 Ba6 13. Bg5 Bxc4 14. bxc4 O-O 15.
Qe2 Qd7 16. Nd2 Nf5 17. g4 Ne7 18. f4 Ng6 19. Ne4 h6 20. Bxh6 Kh7 21. Bg5 Rh8
22. h4 Nxe5 23. fxe5 Bxe5 24. Bf4 Bxf4 25. Rxf4 Qe7 26. g5 Kg6 27. Raf1 Raf8
28. Ng3 f5 29. gxf6 Rxf6 30. Qe4+ Kf7 31. h5 Kg8 32. Rxf6 gxf6 33. Qg6+ 1-0

[Event "10e Open de Saint-Chély d'Aubrac"]
[Site "Saint-Chély d'Aubrac"]
[Date "2010.07.10"]
[Round "1.17"]
[White "Souttre, Matthieu"]
[Black "Duffau, Pascal"]
[Result "0-1"]
[WhiteElo "1550"]
[BlackElo "2034"]
[PlyCount "136"]

1. d4 Nf6 2. c4 e6 3. Nc3 Bb4 4. Bd2 O-O 5. Nf3 b6 6. e3 Bb7 7. Bd3 c5 8. a3
cxd4 9. exd4 Be7 10. O-O d5 11. Re1 Nc6 12. Ne2 Rc8 13. b3 Bd6 14. Bg5 h6 15.
Bh4 Na5 16. Qc2 dxc4 17. bxc4 Bxf3 18. gxf3 Nxc4 19. Bxc4 b5 20. Qc3 Rxc4 21.
Qb3 a6 22. a4 Rb4 23. Qc2 Be7 24. axb5 axb5 25. Qc3 Nd5 26. Bxe7 Nxc3 27. Bxd8
Nxe2+ 28. Rxe2 Rxd8 29. Rd1 Rbxd4 30. Rxd4 Rxd4 31. Rb2 b4 32. Kg2 g5 33. h3
Kg7 34. Rb3 Kf6 35. Re3 Rd5 36. Kg3 Rb5 37. Rb3 Kf5 38. Kh2 Kf4 39. Kg2 f5 40.
Kf1 Ke5 41. Ke2 Kd4 42. Kd2 Kc4 43. Kc2 e5 44. Re3 b3+ 45. Kb2 Kd4 46. Rc3 f4
47. Rc1 Kd3 48. Re1 Kd2 49. Re4 Kd1 50. Kb1 b2 51. Rc4 Ke2 52. Rc2+ Kxf3 53.
Rd2 e4 54. Rc2 h5 55. Rd2 Kg2 56. Rc2 Kxh3 57. Rd2 Kg4 58. Re2 Kf3 59. Rc2 h4
60. Rd2 h3 61. Rd1 Kxf2 62. Rh1 g4 63. Rd1 e3 64. Rh1 e2 65. Rh2+ Kf3 66. Rh1
g3 67. Rxh3 e1=Q+ 68. Kc2 b1=B# 0-1

[Event "10e Open de Saint-Chély d'Aubrac"]
[Site "Saint-Chély d'Aubrac"]
[Date "2010.07.10"]
[Round "1.18"]
[White "Batteux, Mickael"]
[Black "Faraill, Sebastien"]
[Result "1-0"]
[WhiteElo "2003"]
[BlackElo "1516"]
[PlyCount "93"]

1. d4 c5 2. d5 f5 3. Nf3 Nf6 4. g3 g6 5. Bg2 d6 6. O-O Bg7 7. c4 Na6 8. Nc3 Nc7
9. a4 a5 10. Bd2 O-O 11. Qc1 e5 12. dxe6 Bxe6 13. Nb5 Nxb5 14. axb5 Ne4 15. Ng5
Nxg5 16. Bxg5 Qc7 17. Rd1 Bf6 18. Bxf6 Rxf6 19. Qc3 Kf7 20. b3 Ra7 21. Rd3 b6
22. Rad1 Bd7 23. Bd5+ Be6 24. Bxe6+ Rxe6 25. Qh8 h5 26. Qh7+ Kf6 27. Qxc7 Rxc7
28. Rxd6 Rb7 29. e3 Ke7 30. Rd8 Kf6 31. R1d7 Rxd7 32. Rxd7 Ke5 33. Kf1 Ke4 34.
Ke2 Ke5 35. h4 Rd6 36. Re7+ Kf6 37. Re8 Kf7 38. Rb8 Ke7 39. f3 Re6 40. Rb7+ Kf6
41. Rd7 Ke5 42. Rd5+ Kf6 43. Kd3 g5 44. hxg5+ Kxg5 45. e4 Kf6 46. Rxf5+ Kg6 47.
Rd5 1-0

[Event "10e Open de Saint-Chély d'Aubrac"]
[Site "Saint-Chély d'Aubrac"]
[Date "2010.07.10"]
[Round "1.19"]
[White "Grange, Laurent"]
[Black "Geronimi, Pierre-Francois"]
[Result "1-0"]
[WhiteElo "1513"]
[BlackElo "1974"]
[PlyCount "123"]

1. e4 c5 2. Nc3 Nc6 3. Bc4 e6 4. d3 Nf6 5. Bg5 Be7 6. f4 d6 7. Nge2 a6 8. a4 h6
9. Bh4 Qc7 10. Bxf6 Bxf6 11. O-O Bd7 12. Qd2 Nd4 13. Ng3 h5 14. Rae1 O-O-O 15.
Kh1 h4 16. Nge2 h3 17. g3 Bc6 18. Nd1 d5 19. exd5 Nf5 20. Ng1 exd5 21. Ba2 Rdg8
22. Nf3 d4 23. Qf2 g5 24. fxg5 Rxg5 25. Kg1 Bxf3 26. Qxf3 Nxg3 27. Rf2 Rhg8 28.
Bd5 Rf5 29. Bxb7+ Kb8 30. Qc6 Ne4+ 31. Kf1 Nd2+ 32. Ke2 Rxf2+ 33. Nxf2 Qxh2 34.
Qxf6 Rg2 35. Bxg2 hxg2 36. Qd8+ Kb7 37. Qd5+ Kb8 38. Kxd2 g1=Q 39. Qd8+ (39.
Re8+ Ka7 (39... Kc7 40. Re7+ Kb6 (40... Kc8 41. Qc6+) 41. Rb7+ Ka5 42. Qxc5+
Kxa4 43. b3#) 40. Qxc5+ Kb7 41. Re7+ Kb8 42. Qa7+ Kc8 43. Re8#) 39... Kb7 40.
Re7+ Kc6 41. Qd7+ Kb6 42. Qd8+ Kc6 43. Qe8+ Kb6 44. Qd8+ Kc6 45. Qa8+ Kd6 46.
Qd8+ Kc6 47. Qd7+ Kb6 48. Qa7+ Ka5 49. Qxc5+ Kxa4 50. Qxd4+ Kb5 51. c4+ Ka4 52.
Qd7+ Kb3 53. Qb7+ Ka2 54. Qxa6+ Kb1 55. Re1+ Qxe1+ 56. Kxe1 f5 57. Qe6 f4 58.
Qe2 Qg1+ 59. Qf1 Qg3 60. Kd2+ Ka2 61. Kc2 f3 62. Qb1# 1-0

[Event "10e Open de Saint-Chély d'Aubrac"]
[Site "Saint-Chély d'Aubrac"]
[Date "2010.07.10"]
[Round "1.20"]
[White "Viennot, Dylan"]
[Black "Meyer, Bernard"]
[Result "1-0"]
[WhiteElo "1969"]
[BlackElo "1490"]
[PlyCount "61"]

1. e4 e6 2. d4 d5 3. Nd2 c5 4. exd5 exd5 5. Ngf3 Nf6 6. dxc5 Bxc5 7. Nb3 Be7 8.
Bd3 Bg4 9. h3 Bh5 10. Nbd4 O-O 11. O-O Nc6 12. Be2 Re8 13. Be3 Bd6 14. c3 h6
15. Re1 a6 16. Qd2 Ne4 17. Qc2 Bg6 18. Bd3 Rc8 19. Nxc6 bxc6 20. Rad1 a5 21. c4
Qc7 22. cxd5 cxd5 23. Qb3 Qd8 24. Bb5 Re6 25. Rxd5 Qe7 26. Red1 Bb4 27. Bd7 Rb8
28. Bxe6 fxe6 29. Rd7 Qf6 30. Bd4 Qf5 31. Rxg7+ 1-0

[Event "10e Open de Saint-Chély d'Aubrac"]
[Site "Saint-Chély d'Aubrac"]
[Date "2010.07.10"]
[Round "1.21"]
[White "Bou, Georges"]
[Black "Pieri, Pierre-Louis"]
[Result "0-1"]
[WhiteElo "1473"]
[BlackElo "1943"]
[PlyCount "48"]

1. e4 e5 2. Nf3 Nc6 3. Bc4 Bc5 4. c3 Nf6 5. b4 Be7 6. d3 d6 7. Qb3 O-O 8. a4 h6
9. O-O a6 10. Qb2 Be6 11. Bxe6 fxe6 12. h3 Qe8 13. Re1 Qg6 14. Nbd2 Nh5 15. Kh2
Nf4 16. Rg1 Nxd3 17. Qc2 Nxf2 18. Ba3 Qf7 19. Raf1 Bg5 20. Nxg5 hxg5 21. Qb1
Qf4+ 22. g3 Qxd2 23. Rg2 Qd3 24. Rgxf2 Rxf2+ 0-1

[Event "10e Open de Saint-Chély d'Aubrac"]
[Site "Saint-Chély d'Aubrac"]
[Date "2010.07.10"]
[Round "1.22"]
[White "Bigonnet, Jean-Michel"]
[Black "Muheim, Xavier"]
[Result "1-0"]
[WhiteElo "1925"]
[BlackElo "1470"]
[PlyCount "61"]

1. d4 d5 2. Nc3 b6 3. Nf3 Bb7 4. Bf4 Nf6 5. e3 e6 6. Bb5+ c6 7. Be2 Nbd7 8. O-O
Be7 9. Re1 O-O 10. Bd3 Rc8 11. e4 c5 12. e5 Ne8 13. Bf1 Nc7 14. Ne2 f6 15. c3
fxe5 16. Nxe5 Nxe5 17. Bxe5 Bf6 18. f4 Bxe5 19. fxe5 cxd4 20. cxd4 Qg5 21. Qc1
Qxc1 22. Raxc1 Ba6 23. Rc2 Bxe2 24. Bxe2 Nb5 25. Rxc8 Rxc8 26. Bxb5 Rf8 27. Bd7
Rf4 28. Bxe6+ Kf8 29. Rf1 Rxf1+ 30. Kxf1 Ke7 31. Bxd5 1-0

[Event "10e Open de Saint-Chély d'Aubrac"]
[Site "Saint-Chély d'Aubrac"]
[Date "2010.07.10"]
[Round "1.23"]
[White "Grange, Emmanuel"]
[Black "Carno, Matthias"]
[Result "1/2-1/2"]
[WhiteElo "1460"]
[BlackElo "1925"]
[PlyCount "46"]

1. e4 e5 2. Nf3 Nc6 3. Bb5 a6 4. Bxc6 dxc6 5. O-O Bg4 6. h3 h5 7. d3 Bxf3 8.
Qxf3 Qd7 9. Be3 O-O-O 10. Nc3 Bd6 11. Ne2 Ne7 12. Qxf7 Rdf8 13. Qc4 Ng6 14.
Rad1 Nf4 15. Bxf4 exf4 16. f3 g5 17. Nd4 Be5 18. Ne6 Rfg8 19. d4 b5 20. Qb3 Bd6
21. e5 Rg6 22. Nc5 Bxc5 23. dxc5 Qe6 1/2-1/2

[Event "10e Open de Saint-Chély d'Aubrac"]
[Site "Saint-Chély d'Aubrac"]
[Date "2010.07.10"]
[Round "1.24"]
[White "Lavanchy, Marc-Henri"]
[Black "Pierron, Baptiste"]
[Result "1-0"]
[WhiteElo "1912"]
[BlackElo "1400"]
[PlyCount "79"]

1. c4 e5 2. Nc3 Bc5 3. Nf3 d6 4. g3 Nf6 5. Bg2 Be6 6. O-O Qd7 7. d3 Bh3 8. a3
Nc6 9. e3 h5 10. d4 e4 11. Nxe4 Nxe4 12. dxc5 Nxc5 13. b4 Ne4 14. Bb2 Rg8 15.
Nd4 Nf6 16. Re1 O-O-O 17. Nxc6 bxc6 18. Qf3 Bxg2 19. Kxg2 Ng4 20. Rad1 d5 21.
h3 Nf6 22. Bxf6 gxf6 23. Qxf6 Rg6 24. Qf3 h4 25. g4 f5 26. Rd4 Rdg8 27. cxd5
fxg4 28. hxg4 Rxg4+ 29. Rxg4 Rxg4+ 30. Kh1 cxd5 31. Rd1 Rg5 32. Rg1 Rf5 33. Qg2
Rh5 34. Qg4 Rf5 35. Qxh4 Rxf2 36. Rg8+ Kb7 37. Qh8 Qc6 $4 38. Rb8+ Ka6 39. Qc8+
Qb7 40. Qxb7# 1-0

[Event "10e Open de Saint-Chély d'Aubrac"]
[Site "Saint-Chély d'Aubrac"]
[Date "2010.07.10"]
[Round "1.25"]
[White "Rateau, Cyprien"]
[Black "Huin, Eric"]
[Result "0-1"]
[WhiteElo "1360"]
[BlackElo "1887"]
[PlyCount "46"]

1. d4 Nf6 2. Bf4 d6 3. Nf3 g6 4. Nc3 Bg7 5. e4 O-O 6. g3 c6 7. Bg2 b5 8. O-O b4
9. e5 Nh5 10. Ne2 Nxf4 11. Nxf4 d5 12. Re1 e6 13. a3 Qb6 14. Rb1 a5 15. c3 Na6
16. Bf1 Rb8 17. Nd3 Bd7 18. Nc1 bxc3 19. b3 Rfc8 20. Bxa6 Qxa6 21. Nd3 Bf8 22.
b4 axb4 23. axb4 Qc4 0-1

[Event "10e Open de Saint-Chély d'Aubrac"]
[Site "Saint-Chély d'Aubrac"]
[Date "2010.07.10"]
[Round "1.26"]
[White "Luciani, Thibault"]
[Black "Barnicol, Georges"]
[Result "1-0"]
[WhiteElo "1887"]
[BlackElo "1320"]
[PlyCount "59"]

1. e4 c5 2. Nf3 e6 3. d4 cxd4 4. Nxd4 a6 5. c4 Nc6 6. Nc3 Qc7 7. Be2 Be7 8. O-O
Nf6 9. Be3 O-O 10. Rc1 b6 11. Kh1 Bb7 12. f3 Bd6 13. g3 Rfd8 14. Qd2 e5 15. Nf5
Bc5 16. Bg5 Ne7 17. Nh6+ Kf8 18. Bxf6 gxf6 19. Ng4 Qc6 20. Qh6+ Ke8 21. Nxf6+
Qxf6 22. Qxf6 d6 23. Nd5 Bxd5 24. cxd5 a5 25. Bb5+ Kf8 26. f4 exf4 27. Rxf4 Kg8
28. Qxf7+ Kh8 29. Rh4 Rf8 30. Rxh7# 1-0

[Event "10e Open de Saint-Chély d'Aubrac"]
[Site "Saint-Chély d'Aubrac"]
[Date "2010.07.10"]
[Round "1.27"]
[White "Degraeve, Remy"]
[Black "Messinger, Karl"]
[Result "0-1"]
[WhiteElo "1320"]
[BlackElo "1870"]
[PlyCount "70"]

1. e4 c5 2. Nf3 Nc6 3. Bc4 g6 4. O-O Bg7 5. Nc3 d6 6. h3 e6 7. d3 Nge7 8. Bd2
O-O 9. Qe2 a6 10. Rfe1 b5 11. Bxb5 axb5 12. Nxb5 Rb8 13. c4 Ba6 14. a4 Bxb2 15.
Rab1 Bg7 16. Bf4 e5 17. Bg5 h6 18. Bh4 Bxb5 19. cxb5 Nb4 20. Qe3 Nc2 21. Qd2
Nxe1 22. Rxe1 Qc7 23. Ng5 hxg5 24. Qxg5 f6 25. Qe3 f5 26. exf5 Nxf5 27. Bg5
Nxe3 28. Rxe3 Qf7 29. Rf3 Qd5 30. Rxf8+ Rxf8 31. f3 e4 32. f4 exd3 33. Be7 Rxf4
34. Bg5 Bd4+ 35. Kh2 Rf2 0-1

[Event "10e Open de Saint-Chély d'Aubrac"]
[Site "Saint-Chély d'Aubrac"]
[Date "2010.07.10"]
[Round "1.28"]
[White "Vincenti, Francois-Xavier"]
[Black "Grange, Julien"]
[Result "1-0"]
[WhiteElo "1848"]
[BlackElo "1280"]
[PlyCount "45"]

1. e3 e5 2. d4 Nc6 3. d5 Nce7 4. Nc3 Nf6 5. e4 h6 6. Be3 Ng6 7. f3 Bb4 8. Qd2
O-O 9. Bd3 Nh4 10. g3 Bxc3 11. bxc3 Ng6 12. Ne2 d6 13. h4 c6 14. c4 c5 15. h5
Nh8 16. g4 Nxg4 17. fxg4 Bxg4 18. O-O-O f6 19. Rdg1 Qd7 20. Rh4 Bxe2 21. Bxe2
Kh7 22. Bg4 Qe7 23. Bf5+ 1-0

[Event "10e Open de Saint-Chély d'Aubrac"]
[Site "Saint-Chély d'Aubrac"]
[Date "2010.07.10"]
[Round "1.29"]
[White "Rota Graziosi, Fanny"]
[Black "Saucey, Capucine"]
[Result "0-1"]
[WhiteElo "1200"]
[BlackElo "1828"]
[PlyCount "82"]

1. e4 e5 2. Nf3 Nc6 3. Bc4 Nf6 4. Nc3 Nxe4 5. Nxe4 d5 6. d3 dxe4 7. dxe4 Qxd1+
8. Kxd1 Bg4 9. Ke1 Bxf3 10. gxf3 Nd4 11. Rb1 Nxf3+ 12. Ke2 Nd4+ 13. Kd1 O-O-O
14. Ke1 Nxc2+ 15. Kf1 f6 16. Be6+ Kb8 17. Bb3 Nd4 18. Be3 Bc5 19. Rd1 Nxb3 20.
Rxd8+ Rxd8 21. Bc1 Nxc1 22. Kg2 Nxa2 23. Ra1 Nb4 24. Ra5 b6 25. Ra1 Rd2 26. Kg3
Bxf2+ 27. Kg4 Rxb2 28. Kf5 Bd4 29. Ke6 g6 30. h4 f5 31. exf5 gxf5 32. Kxf5 Rf2+
33. Kg4 Bxa1 34. Kg3 Rf8 35. h5 e4 36. Kg4 e3 37. Kg5 e2 38. Kh6 e1=Q 39. Kxh7
Qe7+ 40. Kg6 Qf6+ 41. Kh7 Qg7# 0-1